000 01325nam a2200373 a 4500
999 _c381321
_d381321
003 BLK
005 20250617130053.0
008 200811b bu ||||| |||| 00| 0 bu d
020 _a9789546559852
040 _aBLK
041 _aBUL
_cBUL
080 _aАмериканска литература (на САЩ)
_b821.111(73)
_x-312.2
_z821.111(73)-312.2
080 _aАстрология
_b133.52
_x133.52
_z133.52
100 _aГан, Уилям
_eпърви автор
_91299
139 _aГан, Уилям
_bГ 19
245 _aТунел през въздуха
_cУилям Ган; прев. Милко Стоименов
_bРоман
260 _9209457
_aСофия
_bБард
_c2020
300 _a368 с.
_c20 см
380 _aX
500 _aОриг. загл. : The tunnel thru the air / W. D. Gann
653 7 _9181930
_aбизнес
653 7 _9195714
_aромани
653 7 _9191132
_aмистика
653 7 _9199459
_aфондови борси
653 7 _9194412
_aпредсказания
700 _aСтоименов, Милко Христов
_9365369
852 _aЦб 306757
_bЦб
942 _2udc
_cKNG
_n0
_s1
_019
944 _aCR
_c2020-08-11
_k30531
_lЦветелина Шанова
999 _d381321
999 _d381321
999 _d381321
999 _d381321